000 00613nam a22002177a 4500
003 UA-OsUOA
001 47303
007 ta
008 20070716b un ||||| |||| 00| 0 ukr d
100 _aСамигуллина А.С.
090 _a81
_bС-12
942 _cSA
040 _aUA-OsUOA
_brus
_cUA-OsUOA
_dUA-OsUOA
245 _aКогнитивная лингвистика и семиотика
300 _aС.11-25
955 _a0
041 _arus
080 _a81
773 0 _w47300
650 7 _a8 Мовознавство. Художня література. Літературознавство
_2UDC
999 _c333403
_d333403